Nature-inspired algoritms for optimisation
Saved in:
| Other Authors: | |
|---|---|
| Format: | Book |
| Language: | English |
| Published: |
Berlin :
Springer,
c2009
|
| Series: | Studies in computational intelligence ;
; 193 |
| Subjects: | |
| Tags: |
Add Tag
No Tags, Be the first to tag this record!
|
MARC
| LEADER | 00000nam a2200000 i 4500 | ||
|---|---|---|---|
| 001 | 1/33843 | ||
| 008 | 130802s2009 eng d | ||
| 020 | |a 978-3-642-00266-3 (hbk.) | ||
| 035 | |l 10115164 | ||
| 040 | |a GR-MY-UA |b gre |e aacr | ||
| 041 | 0 | |a eng | |
| 082 | 0 | |a 510 |2 (22) | |
| 245 | 1 | 0 | |a Nature-inspired algoritms for optimisation / |c edited by Chiong Raymond |
| 260 | |a Berlin : |b Springer, |c c2009 | ||
| 300 | |a xvii, 515 σ.; |b διαγρ., πίν.; |c 24 εκ. | ||
| 490 | 1 | |a Studies in computational intelligence |v ; 193 | |
| 504 | |a Περιέχει βιβλιογραφικές παραπομπές και ευρετήριο | ||
| 650 | 0 | 0 | |a Evolutionary computation. |
| 650 | 0 | 0 | |a Computational intelligence. |
| 650 | 0 | 0 | |a Swarm intelligence. |
| 700 | 1 | |a Chiong, Raymond. |4 edt | |
| 830 | 0 | |a Studies in computational intelligence ; |v ; 193 | |
| 852 | |a INST |b CHIOS |e 20130802 |h 510 NAT |p 005200034801 |q 005200034801 |t BK |y 0 | ||
| 901 | |a BIBL2-2013-2 | ||
| 909 | |a Χ |b 179415 | ||
| 922 | |a 2ΕΛΗ |b 201306 |c ΤΑΚ/ΤΜΟΔ |d ΔΡΕΣ | ||
| 970 | |a ΣΠΕΝΤΖΑ |b ΕΛΕΝΗ |z 2013/08/02 | ||